Art Business News (Record no. 119250)

MARC details
000 -LEADER
fixed length control field 00669cas a22001935a 4500
001 - CONTROL NUMBER
control field L149430
008 - FIXED-LENGTH DATA ELEMENTS--GENERAL INFORMATION
fixed length control field 070613c1963 xxkwr p 0 a0eng
022 1# - INTERNATIONAL STANDARD SERIAL NUMBER
International Standard Serial Number 0273-5652
035 ## - SYSTEM CONTROL NUMBER
System control number (Sirsi) u149430
041 0# - LANGUAGE CODE
Language code of text/sound track or separate title eng
245 ## - TITLE STATEMENT
Title Art Business News
Medium [electronic resource]
260 ## - PUBLICATION, DISTRIBUTION, ETC.
Place of publication, distribution, etc. Evanston
Date of publication, distribution, etc. 2001-
520 ## - SUMMARY, ETC.
Summary, etc. Reaches retail gallery owners, picture framers, art dealer/framers and related businesses. Covers merchandising ideas, marketing trends and new product information.
651 #4 - SUBJECT ADDED ENTRY--GEOGRAPHIC NAME
Geographic name International
690 ## - LOCAL SUBJECT ADDED ENTRY--TOPICAL TERM (OCLC, RLIN)
Topical term or geographic name as entry element Arts and antiques
9 (RLIN) 6217
856 41 - ELECTRONIC LOCATION AND ACCESS
Uniform Resource Identifier <a href="https://artbusinessnews.com/">https://artbusinessnews.com/</a>
Public note Art Business News online
942 ## - ADDED ENTRY ELEMENTS (KOHA)
Suppress in OPAC 0
Source of classification or shelving scheme Dewey Decimal Classification
948 ## - LOCAL PROCESSING INFORMATION (OCLC); SERIES PART DESIGNATOR (RLIN)
c (OCLC) 05/03/2010
Holdings
Withdrawn status Lost status Source of classification or shelving scheme Damaged status Not for loan Home library Current library Shelving location Date acquired Total Checkouts Full call number Barcode Date last seen Price effective from Koha item type
    Dewey Decimal Classification     Virtual Virtual Online 05/03/2010   ONLINE PUBLICATION 149430-2001 21/06/2023 06/08/2019 Journal